03586cam a22003974a 4500952017100000999001700171001000900188003000400197005001700201008004100218010001700259020003600276020003500312020001800347035002300365040003100388042000800419050002200427082002600449100002700475245012100502260003900623300002600662440004500688500027400733504005101007505164201058650003402700650002602734700002702760710013102787710009702918856007803015906004503093942005003138 00102ddc40708SOCIAL SCIENCEaMESbMEScSOCIAL SCIENCEd2019-02-20g3311.00l1m1o305.906914 CRE/Fp38444r2023-01-06 00:00:00s2022-12-15w2019-02-20yBKzGL41R4 c11405d1140514112014OSt20200103092813.0050917s2006 mdua b 101 0 eng  a 2005027308 a0739112759 (cloth : alk. paper) a0739112767 (pbk. : alk. paper) a9780739112762 a(OCoLC)ocm61694781 aDLCcoclcdYDXdBAKERdDLC apcc00aHV640b.F573 200600a305.906914222bCRE/F 9986aCrepeau, Francois00aForced Migration and Global processes :bA view from forced migration studies /c François Crépeau ... [et al.]. aLanham :bLexington Books,cc2006. a416 pbill. ;c23 cm. 0aProgram in migration and refugee studies aPapers presented at the 8th Biennial International Conference of the International Association for the Study of Forced Migration (IASFM), held in January 2003 in Chiang Mai, Thailand in cooperation with the Asian Research Centre for Migration, Chulalongkorn University. aIncludes bibliographical references and index.0 aThe international refugee convention : national identity as a limitation on compliance / Petrice R. Flowers -- A pragmatic solution, revisited : evaluating the successes and failures of a self-sufficiency and integration programme for Rwandese refugees in Burundi, 1962-1976 / Nathaniel H. Goetz -- Displacement by development and moral responsibility : a theoretical treatment / Peter Penz -- Involuntary resettlement in the Three Gorges Dam area in the perspective of forced migration due to hydraulic planning in China / Florence Padovani -- 'I went as far as my money would take me' : conflict, forced migration and class / Nicholas Van Hear -- Relief and development as flawed models for the provision of assistance to refugees in camps / Barb Wigley -- Globalization of human rights and its impact on internally displaced Kurds in Turkey / Betul Celik -- Beyond exile : refugee strategies in transnational contexts / Marita Eastmond -- Is the Australian Refugee Review Tribunal 'institutionally' biased? / Susan Kneebone -- Challenge without transformation : refugees, aid, and trade in western Tanzania / Loren B. Landau -- Protection, threat and movement of persons - examining the relationship of terrorism and migration in EU law after 11 September 2001 / Elspeth Guild -- Community services in refugee aid programmes : leading the way in the empowerment of refugees or a sop to humanitarian consciences / Oliver Bakewell -- 'Just a refugee': rights and status of refugees in New Zealand / Heather Devere, Keryn McDermott, Jane Verbitsky -- Terrorism and the non-derogability of non-refoulement / René Bruin and Kees Wouters. 0aForced migrationvCongresses. 0aRefugeesvCongresses. aCrepeau, Francois99862 aInternational Association for the Study of Forced Migration.bInternational Conference.n(8th :d2003 :cChiang Mai, Thailand)2 aČhulālongkō̜nmahāwitthayālai.bSūn Wic̆hai Kānyāithin Hǣng ʻĒchīa.413Table of contentsuhttp://www.loc.gov/catdir/toc/ecip0519/2005027308.html a7bcbccorignewd1eecipf20gy-gencatlg 2ddccBKh305.906914iCRE/Fk305.906914mCRE/F